LEADER 01052nam a2200217 a 4500 001 000000067012 003 CaOOAMICUS 005 20140612115623.0 008 020131s1907 it u000 u ita r 035 $a10918691 040 $aPUL(R)$bita 100 1 $aAcri, Francesco,$d1834-1913.$0(OLS)http://pul/name/24828 245 10$aVidemus in aenigmate delle idee e prima della relazione tra la coscienza e il corpo secondo i filosofi naturali sobri e quelli detti positivi e quelli materiali /$cAcri Francesco. 260 $aBologna :$bMareggiani,$c1907. 300 $a384 p. ;$c23 cm 650 4$aFilosofia.$0(OLS)http://pul/subject/362 850 $aPUL 852 $aPUL$W1$xDP2 Filosofia 1$y62$m96 H 64$j86674$nBK-PRI$qStampati$B86674$CPULBib$Z2$F86674 $82 941 1 $a8 996 $6245$aVidemus in aenigmate delle idee e prima della relazione tra la coscienza e il corpo secondo i filosofi naturali sobri e quelli detti positivi e quelli materiali$9(OLS)http://pul/title/88909 996 $6260$aBologna :$bMareggiani$9(OLS)http://pul/publisher/49801 LEADER 01367nam a2200337 u 4500 001 000000048795 003 CaOOAMICUS 005 20070226115035.0 008 000531s2000 it u000 u ita u 020 $a8820730111 035 $a10848963 040 $aPUL$bita$dPUL(R) 100 1 $aPulli, Gabriele.$0(OLS)http://pul/name/35396 245 13$aIl pensiero emozionale :$bun percorso fra teorie cognitive e psicologia del profondo /$cGabriele Pulli. 260 $aNapoli :$bLiguori,$c2000. 300 $aix, 100 p. ;$c24 cm 490 1 $aDomini 490 1 $aFil rouge ;$v1 500 $aInclude indici. 504 $aBibliografia: pp. 95-100. 650 4$aEmozioni$xPsicologia.$0(OLS)http://pul/subject/22116 650 4$aPersonalità (psicologia).$0(OLS)http://pul/subject/20586 830 0$aDomini.$0(OLS)http://pul/title/65763 830 0$aFil rouge ;$v1.$0(OLS)http://pul/title/65764 850 $aPUL 852 $aPUL$W1$xSL Filosofia 1$y2$m96 G 80$j64943$nBK-PRI$b $qStampati$B64943$CPULBib$Z2$F64943 $H $81 941 1 $a8 961 $aINV: 81948 996 $6020$a8820730111$9(OLS)http://pul/number/61500 996 $6245$aIl pensiero emozionale :$bun percorso fra teorie cognitive e psicologia del profondo$9(OLS)http://pul/title/65762 996 $6260$aNapoli :$bLiguori$9(OLS)http://pul/publisher/48007